Modelling survival data in medical research /
Guardado en:
| Autor Principal: | |
|---|---|
| Formato: | Libro |
| Idioma: | English |
| Publicado: |
London :
Chapman & Hall,
1994.
|
| Series: | Texts in statistical science
|
| Materias: | |
| Etiquetas: |
Agregar Etiqueta
Sin Etiquetas, Sea el primero en etiquetar este registro!
|
| LEADER | 00924nam a2200265 a 4500 | ||
|---|---|---|---|
| 001 | MAT.inmabb003603 | ||
| 008 | 940419s1994####enka#####b####001#0#eng#d | ||
| 005 | 20160210120319.0 | ||
| 245 | 1 | 0 | |a Modelling survival data in medical research / |c D. Collett. |
| 260 | |a London : |b Chapman & Hall, |c 1994. | ||
| 300 | |a xvii, 347 p. : |b il. ; |c 24 cm. | ||
| 440 | 0 | |a Texts in statistical science | |
| 504 | |a Incluye referencias bibliográficas (p. [333]-340) e índice. | ||
| 020 | |a 0412448904 (pbk.) | ||
| 020 | |a 0412448807 | ||
| 100 | 1 | |a Collett, D. |q (David), |d 1952- | |
| 650 | 0 | |a Medicine |x Research |x Statistical methods. | |
| 650 | 0 | |a Prognosis |x Statistical methods. | |
| 650 | 0 | |a Linear models (Statistics) | |
| 650 | 0 | |a Failure time data analysis. | |
| 653 | 0 | |a Statistical mathematics | |
| 084 | |a 62Nxx (62P10 92C50) |2 msc2000 | ||
| 010 | |a 94147528 | ||
| 040 | |a Uk |c Uk |d OU |d DLC | ||
| 859 | |h 62 |i C698 |p A-7453 |b BIB. MATEMATICA | ||
